Biblioteca

Anatomía de una división (Registro nro. 60699)

Detalles MARC
000 -LÍDER
Campo fijo de descripción fija 00628aab a2200205 4500
001 - NÚMERO DE CONTROL
Campo de control 768714001
003 - IDENTIFICADOR DEL NÚMERO DE CONTROL
Campo de control CO-MdFUSB
005 - FECHA Y HORA DE LA ULTIMA TRANSACCIÓN
control field 20240702102916.0
008 - ELEMENTOS DE LONGITUD FIJA -- INFORMACIÓN GENERAL
Campo fijo de descripción fija -- Información general 170602s2003 cr ||||| |||| 00| 0 sp d
022 ## - NÚMERO INTERNACIONAL NORMALIZADO PARA PUBLICACIONES SERIADAS
Número Internacional Normalizado para Publicaciones Seriadas 1409-1968
040 ## - FUENTE DE CATALOGACIÓN
Agencia Catalogadora CO-MdFUSB
Idioma de catalogación spa
Agencia que realiza la transcripción CO-MdFUSB
Agencia que realiza la modificación CO-MdFUSB
041 ## - CÓDIGO DE IDIOMA
Código de idioma para texto/pista de sonido o título separado spa
100 1# - ASIENTO PRINCIPAL--NOMBRE PERSONAL
Nombre personal Shaw, Chris
Término relacionador autor
245 10 - TÍTULO
Título Anatomía de una división
Mención de responsabilidad / Chris Shaw
300 ## - DESCRIPCIÓN FÍSICA
Extensión Volumen 20. Número 4 (2003), Páginas 18-24
Dimensiones ; 27 cm.
546 ## - NOTA DE IDIOMA
Nota de idioma Texto en español
773 0# - ASIENTO DE ITEM FUENTE
Título Apuntes Pastorales
Biblionumber 49442
Itemnumber 60152
Parte(s) relacionada(s) / Volumen., número. (mes año), páginas Volumen 20. Número 4 (2003), Páginas 18-24
Enumeración y primera página Página 18
942 ## - TIPO DE MATERIAL (KOHA)
Tipo de Item KOHA Artículos de Revista
945 ## - INFORMACIÓN LOCAL DEL REGISTRO
Catalogador JTF-925

No hay ítems disponibles.

Biblioteca FUSBC | Teléfono: (57+4) 349 88 10 Ext. 141| WhatsApp (+57) 3005338115 
E-mail: biblioteca@unisbc.edu.co | Calle 76 87-14 Robledo Palenque, Medellín, Colombia

Con tecnología Koha